[Event "Open Nuevo Centro. Jornada 3"]
[Site "Chess.com"]
[Date "2020.07.03"]
[Round "9"]
[White "Mart�nez Albelda, Mariela"
[Black "Sim� Serrano, Javier"
[Result "0-1"]
[WhiteElo "999"]
[BlackElo "936"]
[PlyCount "28"]
[EventDate "2020.??.??"]
1. d4 d5 2. Nc3 Bf5 3. Bf4 a6 4. Nf3 e6 5. e3 Bd6 6. Bxd6 Qxd6 7. Be2 Nc6 8.
O-O Bg4 9. Qd2 Bxf3 10. Bxf3 Nf6 11. e4 h5 12. exd5 Ng4 13. Bxg4 hxg4 14. dxe6
Qxh2# 0-1

[Event "Open Nuevo Centro. Jornada 3"]
[Site "Chess.com"]
[Date "2020.07.03"]
[Round "9"]
[White "Hern�ndez Tom�s, Efr�n"
[Black "Donate Peris, Jose Manuel"
[Result "0-1"]
[WhiteElo "995"]
[BlackElo "1543"]
[PlyCount "32"]
[EventDate "2020.??.??"]
1. e4 e6 2. Nf3 c5 3. d3 Nc6 4. Nc3 a6 5. Be2 b5 6. O-O Bb7 7. a3 Nge7 8. e5
Ng6 9. Bg5 Be7 10. Bf4 Nxf4 11. Qd2 Ng6 12. Rae1 Ncxe5 13. Nxe5 Nxe5 14. Bh5
Bf6 15. d4 cxd4 16. Qxd4 Nf3+ 0-1

[Event "Open Nuevo Centro. Jornada 3"]
[Site "Chess.com"]
[Date "2020.07.03"]
[Round "9"]
[White "Galcin Plitnikas, Artiom"
[Black "Elenkov Olmo, Ivan"
[Result "0-1"]
[WhiteElo "1114"]
[BlackElo "946"]
[PlyCount "44"]
[EventDate "2020.??.??"]
1. d4 d5 2. Nf3 Nc6 3. Bf4 Nf6 4. e3 a6 5. Be2 Bf5 6. Nbd2 Nb4 7. c3 Nc2+ 8.
Kf1 Nxa1 9. Qxa1 e6 10. Qc1 Ne4 11. Nxe4 dxe4 12. Ne5 Bd6 13. Qd1 Bxe5 14. Bxe5
f6 15. Bf4 g5 16. Bg3 h5 17. Bxh5+ Kf8 18. Bg4 Bxg4 19. Qxg4 e5 20. dxe5 fxe5
21. Qf5+ Kg8 22. Bxe5 Qd1# 0-1

[Event "Open Nuevo Centro. Jornada 3"]
[Site "Chess.com"]
[Date "2020.07.03"]
[Round "9"]
[White "Teply Koutsky, David"
[Black "Conejero Mart�nez, V�ctor"
[Result "1-0"]
[WhiteElo "1630"]
[BlackElo "1449"]
[PlyCount "51"]
[EventDate "2020.??.??"]
1. d4 Nf6 2. c4 e5 3. dxe5 Ng4 4. Nf3 Bc5 5. e3 Nc6 6. Nc3 Ngxe5 7. Nxe5 Nxe5
8. b3 d6 9. Bb2 Bd7 10. a3 a5 11. Ne4 Bb6 12. c5 dxc5 13. Bxe5 Qe7 14. Bxg7 Rg8
15. Nf6+ Kd8 16. Nxg8 a4 17. Nxe7 Kxe7 18. Bf6+ Kxf6 19. Qxd7 Re8 20. Bd3 Ba5+
21. Ke2 Kg7 22. Qxe8 Bc3 23. Rac1 Bb2 24. Rxc5 Bxa3 25. Rg5+ Kf6 26. Qe5# 1-0

[Event "Open Nuevo Centro. Jornada 3"]
[Site "Chess.com"]
[Date "2020.07.03"]
[Round "9"]
[White "Garc�a Gim�nez, Santiago"
[Black "Barber�n P�rez, Guillermo"
[Result "0-1"]
[WhiteElo "1815"]
[BlackElo "1679"]
[PlyCount "36"]
[EventDate "2020.??.??"]
1. e4 c5 2. Nf3 d6 3. Bb5+ Nc6 4. O-O Nf6 5. Re1 g6 6. d4 cxd4 7. Nxd4 Bd7 8.
Nc3 Bg7 9. Be3 O-O 10. Be2 a6 11. a4 Rc8 12. f4 e5 13. Nf3 Ng4 14. Bc1 Qb6+ 15.
Kh1 Nf2+ 16. Kg1 Nh3+ 17. Kh1 Qg1+ 18. Rxg1 Nf2# 0-1

[Event "Open Nuevo Centro. Jornada 3"]
[Site "Chess.com"]
[Date "2020.07.03"]
[Round "9"]
[White "Rabbani Perez, Oumaima "
[Black "URSARIU, NIKOLAS VICTOR"
[Result "0-1"]
[WhiteElo "629"]
[BlackElo "980"]
[PlyCount "42"]
[EventDate "2020.??.??"]
1. e3 e5 2. Bd3 d5 3. Be2 Nc6 4. Bb5 Bd7 5. Bxc6 Bxc6 6. Nf3 Nf6 7. Nxe5 Bd6 8.
Nf3 O-O 9. O-O Be5 10. Nxe5 Re8 11. Nd3 Bb5 12. Nc5 b6 13. Nb7 Qc8 14. Nd8 Qxd8
15. Qf3 Bxf1 16. Qd1 Bb5 17. b3 d4 18. exd4 Qxd4 19. c3 Qe4 20. d3 Qe1+ 21.
Qxe1 Rxe1# 0-1

[Event "Open Nuevo Centro. Jornada 3"]
[Site "Chess.com"]
[Date "2020.07.03"]
[Round "9"]
[White "Mart�nez Cuenca, Jose Andr�s"
[Black "Colomer Martinez, Isabel"
[Result "1/2-1/2"]
[WhiteElo "949"]
[BlackElo "1079"]
[PlyCount "49"]
[EventDate "2020.??.??"]
1. e4 e5 2. Qh5 Nf6 3. Qxe5+ Be7 4. Nc3 O-O 5. Nd5 Nxd5 6. Qxd5 Re8 7. Bc4 Rf8
8. Nf3 Nc6 9. d3 Nb4 10. Qb5 Nxc2+ 11. Kd1 Nxa1 12. Bg5 Bxg5 13. Nxg5 Qxg5 14.
Qxg5 h6 15. Qg3 c6 16. Kd2 b6 17. Rxa1 b5 18. Bb3 a5 19. Qf3 a4 20. Bd1 Kh7 21.
Rc1 Bb7 22. Qg4 Bc8 23. Qf3 Bb7 24. Qg4 Bc8 25. Qf3 1/2-1/2

[Event "Open Nuevo Centro. Jornada 3"]
[Site "Chess.com"]
[Date "2020.07.03"]
[Round "9"]
[White "Donate Moreno, David"
[Black "Miranda Calvo, Max Rodrigo"
[Result "1-0"]
[WhiteElo "1541"]
[BlackElo "1267"]
[PlyCount "29"]
[EventDate "2020.??.??"]
1. e4 e5 2. Nf3 Nc6 3. Bc4 Bc5 4. c3 d6 5. d4 exd4 6. O-O dxc3 7. e5 Bg4 8.
exd6 cxd6 9. Qe1+ Nge7 10. Ng5 d5 11. Bb5 Qb6 12. Nxc3 d4 13. Nd5 Qxb5 14. Nc7+
Kd7 15. Nxb5 1-0

[Event "Open Nuevo Centro. Jornada 3"]
[Site "Chess.com"]
[Date "2020.07.03"]
[Round "9"]
[White "Gracia Calvo, Andr�s"
[Black "Fitzpatrick Dimas  , Andrew "
[Result "1-0"]
[WhiteElo "1746"]
[BlackElo "1172"]
[PlyCount "73"]
[EventDate "2020.??.??"]
1. d4 d5 2. Nf3 Nc6 3. Bf4 Nf6 4. e3 a6 5. Bd3 Bg4 6. h3 Bxf3 7. Qxf3 e6 8. O-O
Bd6 9. Bxd6 Qxd6 10. c4 dxc4 11. Bxc4 O-O 12. Nc3 b5 13. Bd3 Qb4 14. Rab1 Qd6
15. a3 e5 16. d5 b4 17. Ne4 Nxe4 18. Bxe4 Ne7 19. axb4 Qxb4 20. d6 cxd6 21.
Bxa8 d5 22. Bxd5 Nxd5 23. Qxd5 Re8 24. Rfd1 a5 25. Qd7 Kf8 26. Qd6+ Qxd6 27.
Rxd6 Ra8 28. Ra1 a4 29. Rd3 f5 30. Rda3 f4 31. exf4 exf4 32. Rxa4 Rxa4 33. Rxa4
g5 34. b4 Ke8 35. Ra7 Kd8 36. Rxh7 Kc8 37. Rg7 1-0

[Event "Open Nuevo Centro. Jornada 3"]
[Site "Chess.com"]
[Date "2020.07.03"]
[Round "9"]
[White "Morata Briones, Carlos"
[Black "Sampedro Roig, Josep Francesc"
[Result "0-1"]
[WhiteElo "958"]
[BlackElo "1765"]
[PlyCount "56"]
[EventDate "2020.??.??"]
1. e4 Nf6 2. Qf3 e6 3. Bc4 Be7 4. d4 d5 5. exd5 exd5 6. Bd3 Bg4 7. Qg3 Nc6 8.
h3 Bh5 9. Be2 Bxe2 10. Nxe2 O-O 11. Bh6 Nh5 12. Qg4 Qd6 13. Nf4 Qxh6 14. Nxh5
Qc1+ 15. Ke2 Qxc2+ 16. Kf3 g6 17. Na3 Qxb2 18. Rab1 Qxa3+ 19. Ke2 Qxa2+ 20. Kf1
Qxb1+ 21. Ke2 Qc2+ 22. Ke1 Bb4+ 23. Kf1 Qd3+ 24. Kg1 Nxd4 25. Nf6+ Kh8 26. Nd7
Bd6 27. Nxf8 Qb1+ 28. Qd1 Qxd1# 0-1

[Event "Open Nuevo Centro. Jornada 3"]
[Site "Chess.com"]
[Date "2020.07.03"]
[Round "9"]
[White "Campos Gambuti, Luis Mar�a"
[Black "Pallardo Lozoya, Jose Vicente"
[Result "1/2-1/2"]
[WhiteElo "2512"]
[BlackElo "2278"]
[PlyCount "31"]
[EventDate "2020.??.??"]
1. d4 d5 2. Nc3 Nf6 3. Bg5 Nbd7 4. Qd3 c6 5. Nf3 h6 6. Bh4 e6 7. e4 dxe4 8.
Nxe4 Be7 9. Nxf6+ Nxf6 10. O-O-O O-O 11. Ne5 c5 12. Be2 cxd4 13. Qxd4 Qa5 14.
Kb1 Rd8 15. Qe3 Nd5 16. Qf3 1/2-1/2

[Event "Open Nuevo Centro. Jornada 3"]
[Site "Chess.com"]
[Date "2020.07.03"]
[Round "9"]
[White "Marques Montolio, Luis"
[Black "Gimenez Saiz, Jose Raul"
[Result "1-0"]
[WhiteElo "1292"]
[BlackElo "1550"]
[PlyCount "39"]
[EventDate "2020.??.??"]
1. e4 d5 2. exd5 Nf6 3. Nc3 Bg4 4. Be2 Bxe2 5. Ngxe2 Nxd5 6. d4 Nc6 7. O-O e6
8. Re1 g6 9. Nxd5 Qxd5 10. c4 Qd7 11. d5 exd5 12. cxd5 Ne7 13. Nf4 O-O-O 14.
Be3 Nxd5 15. Nxd5 Qxd5 16. Qa4 a6 17. Rad1 Qb5 18. Rxd8+ Kxd8 19. Qd4+ Bd6 20.
Qxh8+ 1-0

[Event "Open Nuevo Centro. Jornada 3"]
[Site "Chess.com"]
[Date "2020.07.03"]
[Round "9"]
[White "Lopez Mateo, Juan Carlos"
[Black "Kovacevic, Slobodan"
[Result "1-0"]
[WhiteElo "2053"]
[BlackElo "2087"]
[PlyCount "39"]
[EventDate "2020.??.??"]
1. e4 c5 2. Nf3 e6 3. b4 cxb4 4. a3 bxa3 5. d4 a6 6. Bd3 d6 7. Bxa3 Nc6 8. O-O
Nf6 9. Re1 Be7 10. c4 O-O 11. Nc3 e5 12. d5 Nb8 13. c5 dxc5 14. Nxe5 b5 15. Bb2
Bb7 16. Bc2 Re8 17. Nxf7 Kxf7 18. e5 Nxd5 19. Qh5+ Kf8 20. e6 1-0

[Event "Open Nuevo Centro. Jornada 3"]
[Site "Chess.com"]
[Date "2020.07.03"]
[Round "9"]
[White "Martinez Hernandez, Paula"
[Black "Cantero Navarro, Antonio"
[Result "0-1"]
[WhiteElo "2018"]
[BlackElo "1876"]
[PlyCount "58"]
[EventDate "2020.??.??"]
1. e4 c5 2. Nc3 Nc6 3. Nge2 g6 4. g3 Bg7 5. Bg2 Nf6 6. d3 O-O 7. h3 Rb8 8. Be3
d6 9. Qd2 b5 10. O-O b4 11. Nd1 a5 12. f4 Bb7 13. g4 a4 14. a3 Ra8 15. e5 dxe5
16. fxe5 Nd5 17. Bxd5 Qxd5 18. Nf4 Qxe5 19. axb4 cxb4 20. Qf2 a3 21. c3 axb2
22. Nxb2 Rxa1 23. Rxa1 bxc3 24. Nc4 Qb5 25. Rf1 Ne5 26. Nxe5 Bxe5 27. d4 Bxf4
28. Qxf4 Qd5 29. Kh2 Qg2# 0-1

[Event "Open Nuevo Centro. Jornada 3"]
[Site "Chess.com"]
[Date "2020.07.03"]
[Round "9"]
[White "Maestre Soler, Sergio"
[Black "Alvarez Usina, Jordi"
[Result "0-1"]
[WhiteElo "915"]
[BlackElo "1271"]
[PlyCount "52"]
[EventDate "2020.??.??"]
1. e4 e5 2. Bc4 Bc5 3. Qh5 Qf6 4. Nf3 g6 5. Qh3 Nc6 6. Nc3 d5 7. Nxd5 Bxh3 8.
Nxf6+ Nxf6 9. gxh3 Nxe4 10. d3 Nxf2 11. Rf1 Nxh3 12. Bh6 O-O-O 13. Bxf7 Bf8 14.
Be6+ Kb8 15. O-O-O Bxh6+ 16. Kb1 Nf4 17. Bd5 Nxd5 18. Ng1 Ne3 19. Rfe1 Nxd1 20.
Rxd1 Bf4 21. h4 e4 22. Rf1 Bh6 23. Ne2 exd3 24. cxd3 Rxd3 25. Rd1 Rxd1+ 26. Nc1
Rxc1# 0-1

[Event "Open Nuevo Centro. Jornada 3"]
[Site "Chess.com"]
[Date "2020.07.03"]
[Round "9"]
[White "Mingarro Carceller, Sergi"
[Black "Chernikov, Vladimir"
[Result "1-0"]
[WhiteElo "2146"]
[BlackElo "2249"]
[PlyCount "47"]
[EventDate "2020.??.??"]
1. e4 c5 2. Nf3 Nc6 3. Bb5 g6 4. Bxc6 dxc6 5. d3 Bg7 6. h3 e5 7. Be3 b6 8. Nc3
Qc7 9. Qd2 f5 10. exf5 gxf5 11. Bg5 Nf6 12. O-O-O O-O 13. Rde1 Nd5 14. Nxd5
cxd5 15. Bh6 e4 16. Bxg7 Qxg7 17. Nh4 Bb7 18. Rhf1 f4 19. g3 fxg3 20. fxg3 Rxf1
21. Rxf1 Qxg3 22. Nf5 e3 23. Qc3 e2 24. Nh6# 1-0

[Event "Open Nuevo Centro. Jornada 3"]
[Site "Chess.com"]
[Date "2020.07.03"]
[Round "9"]
[White "Valero Artagoitia, Sara"
[Black "Pardo Ruiz, Beatriz"
[Result "0-1"]
[WhiteElo "597"]
[BlackElo "1208"]
[PlyCount "56"]
[EventDate "2020.??.??"]
1. e4 e5 2. Nf3 Nc6 3. Bc4 Bc5 4. O-O Nf6 5. d3 h6 6. h3 d6 7. Nc3 Be6 8. Bxe6
fxe6 9. Nb5 a6 10. Nc3 O-O 11. a3 Qe7 12. b4 Bd4 13. Bd2 Rad8 14. a4 Nxb4 15.
Rb1 c5 16. Ne2 Nc6 17. Qe1 d5 18. Ba5 Nxa5 19. Qxa5 dxe4 20. Nd2 exd3 21. cxd3
Kh7 22. Nb3 Rd5 23. Rbc1 c4 24. Nd2 Rxa5 25. Rxc4 Rc5 26. Nb3 Rxc4 27. dxc4 Bb6
28. Ng3 Qb4 0-1

[Event "Open Nuevo Centro. Jornada 3"]
[Site "Chess.com"]
[Date "2020.07.03"]
[Round "9"]
[White "Segarra Martinez, Axel"
[Black "Yuste Valenzuela, Alejandro"
[Result "1-0"]
[WhiteElo "2229"]
[BlackElo "1873"]
[PlyCount "63"]
[EventDate "2020.??.??"]
1. e4 c5 2. Nf3 d6 3. d4 cxd4 4. Nxd4 Nf6 5. Nc3 g6 6. Be3 Bg7 7. f3 O-O 8. Bc4
Nc6 9. Bb3 Bd7 10. Qd2 Rc8 11. O-O-O Ne5 12. Kb1 Nc4 13. Bxc4 Rxc4 14. g4 b5
15. h4 h5 16. Nd5 Rc5 17. Nxf6+ Bxf6 18. gxh5 Rxh5 19. Ne2 Rxh4 20. Rxh4 Bxh4
21. Rh1 Bf6 22. Nf4 Be6 23. Qh2 Bxa2+ 24. Kxa2 Qa5+ 25. Kb1 Rc8 26. Nd5 Be5 27.
Nxe7+ Kf8 28. Qh3 Rc4 29. Nd5 Rb4 30. Qc8+ Kg7 31. Bh6+ Kh7 32. Bf8+ 1-0

[Event "Open Nuevo Centro. Jornada 3"]
[Site "Chess.com"]
[Date "2020.07.03"]
[Round "9"]
[White "Rabbani Perez, Ayoub "
[Black "M�s Ripoll, Vicente"
[Result "0-1"]
[WhiteElo "250"]
[BlackElo "1003"]
[PlyCount "58"]
[EventDate "2020.??.??"]
1. d4 Nf6 2. Nf3 g6 3. g3 Bg7 4. Bd2 d5 5. Bf4 Nh5 6. Bd2 O-O 7. Bg2 c6 8. Rf1
Qc7 9. Nh4 Bxd4 10. Be3 Bxb2 11. Bh6 Bxa1 12. Bxf8 Kxf8 13. Na3 Bg7 14. f3 Bc3+
15. Kf2 Qb6+ 16. e3 d4 17. exd4 Bxd4+ 18. Ke1 Qb4+ 19. Qd2 Bc3 20. Nb1 Bxd2+
21. Nxd2 Be6 22. g4 Nf4 23. g5 Nxg2+ 24. Kd1 Ne3+ 25. Kc1 Nxf1 26. f4 Qxd2+ 27.
Kb2 Ne3 28. Nf3 Qxc2+ 29. Ka1 Qxa2# 0-1

[Event "Open Nuevo Centro. Jornada 3"]
[Site "Chess.com"]
[Date "2020.07.03"]
[Round "9"]
[White "Yatseta Fernandez, Marc Kazymyr"
[Black "Garrido Silos, Pablo"
[Result "1-0"]
[WhiteElo "1584"]
[BlackElo "1379"]
[PlyCount "103"]
[EventDate "2020.??.??"]
1. d4 Nf6 2. c4 g6 3. Nf3 d5 4. g3 Bg7 5. Bg2 O-O 6. O-O Bg4 7. h3 Bxf3 8. Bxf3
c6 9. Be3 Nbd7 10. Nd2 e6 11. Rc1 Re8 12. cxd5 exd5 13. Nb3 Nb6 14. Nc5 Qc8 15.
Kh2 Nbd7 16. Qd2 Nxc5 17. dxc5 Ne4 18. Bxe4 Rxe4 19. Bh6 Bxh6 20. Qxh6 Rxe2 21.
Rce1 Rxb2 22. Re7 Qd8 23. Rfe1 Qf8 24. Qf4 Rc2 25. Rxb7 Re8 26. Rxe8 Qxe8 27.
Rb8 Rxf2+ 28. Kg1 Rxf4 29. Rxe8+ Kg7 30. gxf4 Kf6 31. Rc8 Kf5 32. Rxc6 Kxf4 33.
Kf2 Ke4 34. Rd6 d4 35. c6 Ke5 36. c7 Kxd6 37. c8=Q d3 38. Qd8+ Kc5 39. Qxd3 f5
40. Qc3+ Kd5 41. Qg7 f4 42. Qxh7 g5 43. Qf5+ Kd4 44. Qxg5 a5 45. Qxf4+ Kc3 46.
h4 Kb2 47. h5 a4 48. h6 a3 49. h7 Kb1 50. h8=Q Kc2 51. Qc4+ Kd2 52. Qhd4# 1-0

[Event "Open Nuevo Centro. Jornada 3"]
[Site "Chess.com"]
[Date "2020.07.03"]
[Round "9"]
[White "Carbonell Bofill, Carlos Eloy"
[Black "Montesinos Diaz, Luis"
[Result "1-0"]
[WhiteElo "1997"]
[BlackElo "1821"]
[PlyCount "77"]
[EventDate "2020.??.??"]
1. d4 d5 2. Nf3 Nf6 3. Bg5 Bg4 4. Ne5 Bf5 5. c4 e6 6. Qb3 dxc4 7. Qxb7 Qd5 8.
Qc8+ Qd8 9. Qxd8+ Kxd8 10. Nxf7+ Ke7 11. Nxh8 h6 12. Bd2 g5 13. Bb4+ Ke8 14.
Bxf8 Kxf8 15. h4 g4 16. f3 Kg7 17. e4 Bh7 18. Bxc4 Kxh8 19. Bxe6 Nc6 20. d5 Nd4
21. Na3 gxf3 22. gxf3 Nxf3+ 23. Kf2 Bxe4 24. Rhd1 Rf8 25. Ke3 Nxh4 26. Nb5 Nf5+
27. Bxf5 Bxf5 28. Nxc7 Rc8 29. d6 Nd7 30. Kd4 Kg7 31. Rd2 Nb6 32. Rf2 Bg6 33.
Rg1 Rd8 34. Ne6+ Kh7 35. Nxd8 Nd7 36. Ne6 h5 37. Nf8+ Nxf8 38. Rxf8 h4 39. d7

[Event "Open Nuevo Centro. Jornada 3"]
[Site "Chess.com"]
[Date "2020.07.03"]
[Round "9"]
[White "Mart�nez Cuenca, Adri�n "
[Black "Vicent L�zaro, Elena"
[Result "0-1"]
[WhiteElo "654"]
[BlackElo "662"]
[PlyCount "68"]
[EventDate "2020.??.??"]
1. e4 e6 2. Bc4 c5 3. Qh5 Bd6 4. Nf3 Na6 5. O-O Bb8 6. Ne5 Bxe5 7. Qxe5 Nf6 8.
a3 Ng4 9. b4 Nxe5 10. Bb5 Ng4 11. f3 Ne5 12. f4 Ng4 13. h3 Nf6 14. e5 Nd5 15.
c4 Ndc7 16. Rf3 Nxb5 17. cxb5 Nc7 18. Bb2 Nxb5 19. d3 cxb4 20. Nc3 bxc3 21. g4
g5 22. fxg5 Qxg5 23. Rxf7 Kxf7 24. h4 Qxg4+ 25. Kh2 Qxh4+ 26. Kg2 Rg8+ 27. Kf3
Qg4+ 28. Kf2 Qd4+ 29. Kf3 Qxd3+ 30. Kf4 Qf5+ 31. Ke3 cxb2 32. Ke2 bxa1=Q 33.
Ke3 Qaxe5+ 34. Kd2 Qee4 0-1

[Event "Open Nuevo Centro. Jornada 3"]
[Site "Chess.com"]
[Date "2020.07.03"]
[Round "9"]
[White "Rodriguez Rodriguez, Joan David "
[Black "Sanchis Bon, Sergi"
[Result "1-0"]
[WhiteElo "1572"]
[BlackElo "1016"]
[PlyCount "67"]
[EventDate "2020.??.??"]
1. d4 e5 2. dxe5 Nc6 3. Nf3 d6 4. exd6 Bxd6 5. Nc3 Bg4 6. e4 Bc5 7. Be2 Bxf3 8.
Bxf3 Qxd1+ 9. Bxd1 Nf6 10. O-O O-O-O 11. Bg5 h6 12. Bxf6 gxf6 13. Bg4+ Kb8 14.
Nd5 Rhg8 15. Bf5 Ne7 16. Nxf6 Rg5 17. Nd7+ Ka8 18. Nxc5 Nxf5 19. exf5 Rxf5 20.
Rad1 Rxd1 21. Rxd1 a6 22. Ne4 Re5 23. Nc3 Ra5 24. Rd8+ Ka7 25. Rd7 Re5 26. g3
c6 27. Rxf7 Re6 28. Na4 Rd6 29. Nc5 Rd1+ 30. Kg2 Rd2 31. Rxb7+ Ka8 32. Rb3 Rxc2
33. Nxa6 Ka7 34. Nb4 1-0

[Event "Open Nuevo Centro. Jornada 3"]
[Site "Chess.com"]
[Date "2020.07.03"]
[Round "9"]
[White "Lloret Ramis, Juan Jos�"
[Black "Pardo Ruiz, Carlos"
[Result "1-0"]
[WhiteElo "1977"]
[BlackElo "1809"]
[PlyCount "121"]
[EventDate "2020.??.??"]
1. c4 c6 2. Nc3 d5 3. d4 Nf6 4. Nf3 Bf5 5. cxd5 cxd5 6. Qb3 Qb6 7. Qxb6 axb6 8.
e3 e6 9. Bb5+ Nc6 10. Ne5 Rc8 11. Bd2 Bb4 12. Na4 Bxd2+ 13. Kxd2 Ne4+ 14. Ke2
O-O 15. Nxb6 Rc7 16. Rhc1 Nd6 17. Bxc6 bxc6 18. Rxc6 Rxc6 19. Nxc6 Ne4 20. a4
Nd6 21. a5 Nb5 22. a6 Bc2 23. a7 Nxa7 24. Rxa7 Bb3 25. Ra8 Rxa8 26. Nxa8 Bc4+
27. Kd2 Bb5 28. Na7 Ba6 29. Kc3 Kf8 30. Kb4 Ke7 31. Kc5 Bf1 32. g3 Bc4 33. Kc6
Bb3 34. Nc7 Ba4+ 35. Kc5 Bb3 36. Nab5 Kd7 37. Na6 Bd1 38. b4 Ba4 39. Nb8+ Ke7
40. Nc3 Bd7 41. Nxd7 Kxd7 42. Kb6 Kc8 43. Ka7 f6 44. b5 e5 45. b6 exd4 46. exd4
f5 47. b7+ Kd7 48. b8=Q f4 49. Qxf4 g5 50. Qxg5 h6 51. Qxh6 Ke7 52. Qc6 Kf7 53.
Qd6 Kg7 54. Qe6 Kh8 55. Qe7 Kg8 56. Kb7 Kh8 57. Kc7 Kg8 58. Kd7 Kh8 59. Ke6 Kg8
60. Kf6 Kh8 61. Qg7# 1-0

[Event "Open Nuevo Centro. Jornada 3"]
[Site "Chess.com"]
[Date "2020.07.03"]
[Round "9"]
[White "Beneyto de Ramon, Guillermo"
[Black "Albuixech Sanz, Jorge"
[Result "1-0"]
[WhiteElo "1539"]
[BlackElo "1677"]
[PlyCount "95"]
[EventDate "2020.??.??"]
1. c4 f5 2. Nc3 e5 3. g3 Nf6 4. Bg2 Be7 5. d3 O-O 6. Bg5 c6 7. Nf3 d6 8. O-O
Nbd7 9. d4 e4 10. Nd2 Ng4 11. Bxe7 Qxe7 12. e3 Qg5 13. Ne2 Ndf6 14. Nf4 Nh5 15.
h4 Qh6 16. Qb3 Kh8 17. c5 d5 18. Rfe1 Nxf4 19. exf4 Rb8 20. Nf1 Bd7 21. Ne3
Nxe3 22. fxe3 Qg6 23. Kh2 Be8 24. Bh3 Qf6 25. Rg1 Bh5 26. Rg2 Bg4 27. Bxg4 fxg4
28. Rf1 h6 29. Qd1 Qe6 30. Rgf2 Qf5 31. b4 h5 32. Qa4 a6 33. Qb3 g6 34. a4 Qd7
35. Rb2 b6 36. cxb6 Rxb6 37. Qc3 Qb7 38. Qc5 Rb8 39. Rfb1 Kg7 40. Qd6 a5 41.
Qe5+ Kh7 42. f5 axb4 43. fxg6+ Kxg6 44. Qg5+ Kf7 45. Qxh5+ Ke7 46. Qxg4 Qd7 47.
Qg7+ Kd6 48. Qe5# 1-0

[Event "Open Nuevo Centro. Jornada 3"]
[Site "Chess.com"]
[Date "2020.07.03"]
[Round "9"]
[White "Birnoveanu, Petru"
[Black "Casado Andreu, David"
[Result "1-0"]
[WhiteElo "1676"]
[BlackElo "1492"]
[PlyCount "75"]
[EventDate "2020.??.??"]
1. e4 e5 2. Bc4 Nc6 3. Nf3 Nf6 4. O-O Bc5 5. d4 exd4 6. e5 d5 7. exf6 dxc4 8.
Re1+ Be6 9. fxg7 Rg8 10. Bg5 Be7 11. Bh6 Qd7 12. Na3 O-O-O 13. Ne5 Nxe5 14.
Rxe5 Bf6 15. Re2 Bxg7 16. Bxg7 Rxg7 17. f3 Rdg8 18. Qd2 Bd5 19. Rf2 Bc6 20. g3
h5 21. Nxc4 h4 22. Ne5 Qd6 23. Nxc6 Qxc6 24. g4 h3 25. Qxd4 Kb8 26. Rd1 a6 27.
Qf4 Rf8 28. Rfd2 f5 29. Rd8+ Rxd8 30. Rxd8+ Ka7 31. Qd4+ b6 32. Qxg7 Qxc2 33.
Kf1 Qc1+ 34. Ke2 Qxb2+ 35. Qxb2 Kb7 36. Qe5 a5 37. Qd5+ Ka6 38. Ra8# 1-0

[Event "Open Nuevo Centro. Jornada 3"]
[Site "Chess.com"]
[Date "2020.07.03"]
[Round "9"]
[White "Benday�n Claros, Aaron"
[Black "Vega Guti�rrez, Sabrina"
[Result "1-0"]
[WhiteElo "1967"]
[BlackElo "2160"]
[PlyCount "83"]
[EventDate "2020.??.??"]
1. d4 d5 2. e3 Nf6 3. Bd3 c5 4. c3 Nc6 5. Nd2 Bg4 6. Ngf3 e6 7. O-O Bd6 8. h3
Bh5 9. Qe1 O-O 10. dxc5 Bxc5 11. e4 dxe4 12. Bxe4 Nxe4 13. Qxe4 Bg6 14. Qa4 a6
15. Re1 b5 16. Qd1 Qb6 17. Qe2 Rad8 18. b4 Be7 19. Ne4 h6 20. a3 Qc7 21. Bb2
Rfe8 22. a4 f5 23. Ned2 Bf6 24. axb5 axb5 25. Qxb5 Rb8 26. Qc4 Bf7 27. Ra6 Rb6
28. Rea1 e5 29. Qc5 Rxa6 30. Rxa6 Rc8 31. b5 Nb8 32. Qxc7 Rxc7 33. Ra8 Rc8 34.
c4 e4 35. Bxf6 gxf6 36. Nd4 f4 37. Nc6 e3 38. fxe3 fxe3 39. Nf3 Bxc4 40. Ne7+
Kf7 41. Nxc8 Nd7 42. Nd6+ 1-0

[Event "Open Nuevo Centro. Jornada 3"]
[Site "Chess.com"]
[Date "2020.07.03"]
[Round "9"]
[White "Bosch Jord�, Ricard"
[Black "Reig Albero, Ferran"
[Result "0-1"]
[WhiteElo "1844"]
[BlackElo "1825"]
[PlyCount "72"]
[EventDate "2020.??.??"]
1. e4 c5 2. Nf3 d6 3. d4 cxd4 4. Nxd4 Nf6 5. Nc3 Nc6 6. f3 e5 7. Nb3 Be7 8. Be3
O-O 9. Qd2 a5 10. O-O-O a4 11. Na1 Be6 12. Nd5 Bxd5 13. exd5 Na5 14. Qb4 b5 15.
Qxb5 Rb8 16. Qxa4 Qc7 17. Rd3 Ra8 18. Rc3 Qb7 19. a3 Nxd5 20. Rd3 Nxe3 21. Rxe3
Bg5 22. Kd2 Qb6 23. Qe4 f5 24. Qd5+ Kh8 25. Qd3 Bxe3+ 26. Qxe3 Qxb2 27. Bd3
Qxa3 28. g4 Qb4+ 29. Ke2 Nc4 30. Qc1 e4 31. fxe4 fxe4 32. Bxc4 Qxc4+ 33. Ke1
Qc3+ 34. Ke2 e3 35. Nb3 Rf2+ 36. Kd1 e2# 0-1

[Event "Open Nuevo Centro. Jornada 3"]
[Site "Chess.com"]
[Date "2020.07.03"]
[Round "9"]
[White "Grigorev, Artur "
[Black "Cebolla Ruiz, David"
[Result "0-1"]
[WhiteElo "942"]
[BlackElo "1498"]
[PlyCount "94"]
[EventDate "2020.??.??"]
1. e4 c6 2. Bc4 d5 3. exd5 cxd5 4. Bb5+ Bd7 5. Bxd7+ Nxd7 6. Nc3 Ngf6 7. d4 e6
8. Bg5 Be7 9. Nf3 O-O 10. Ne5 h6 11. Bxf6 Bxf6 12. Nxd7 Qxd7 13. O-O a6 14. Qg4
Rfd8 15. Rad1 Rac8 16. Ne2 Rxc2 17. Nf4 Rxb2 18. Nh5 Qe7 19. Nxf6+ Qxf6 20. a4
Rb4 21. Ra1 Rc8 22. Rfe1 Qxd4 23. h3 Qxg4 24. hxg4 Rxg4 25. f3 Rb4 26. Rac1
Rcc4 27. Rxc4 Rxc4 28. Ra1 Kf8 29. a5 Ke7 30. Rb1 Rc7 31. g3 Kd6 32. f4 f6 33.
Kg2 e5 34. Kf3 exf4 35. gxf4 g5 36. Kg4 gxf4 37. Kxf4 Rg7 38. Kf5 Rf7 39. Kg6
Rc7 40. Kxf6 h5 41. Kg5 Rh7 42. Rb6+ Ke5 43. Kg6 Rh8 44. Kg7 Rb8 45. Kf7 h4 46.
Re6+ Kf5 47. Rh6 Kg4 0-1

[Event "Open Nuevo Centro. Jornada 3"]
[Site "Chess.com"]
[Date "2020.07.03"]
[Round "9"]
[White "Aguado, Pablo Luis"
[Black "Garcia, Jhoel"
[Result "0-1"]
[WhiteElo "1909"]
[BlackElo "2321"]
[PlyCount "80"]
[EventDate "2020.??.??"]
1. d4 Nf6 2. c4 g6 3. Nc3 Bg7 4. e4 d6 5. Nf3 O-O 6. Be2 e5 7. d5 a5 8. Bg5 h6
9. Bh4 Na6 10. Nd2 Nc5 11. O-O c6 12. b3 cxd5 13. exd5 g5 14. Bg3 Ne8 15. Qc2
f5 16. f3 Nf6 17. Bf2 b6 18. a3 Nh5 19. b4 Nd7 20. Bd3 e4 21. fxe4 Ne5 22. exf5
Nxd3 23. Qxd3 Bxf5 24. Nde4 axb4 25. Nb5 Nf4 26. Qf3 Bxa1 27. Rxa1 Qe7 28.
Nexd6 bxa3 29. Nxf5 Rxf5 30. d6 Qf8 31. Qe3 Re8 32. Qxb6 Nd3 33. d7 Rd8 34.
Qg6+ Qg7 35. Qe6+ Qf7 36. Qxf7+ Rxf7 37. Bb6 Rdxd7 38. Rxa3 Nf4 39. Ra8+ Kh7
40. Bd4 Ne2+ 0-1

[Event "Open Nuevo Centro. Jornada 3"]
[Site "Chess.com"]
[Date "2020.07.03"]
[Round "9"]
[White "Gukasov, Artem"
[Black "Mart�nez Escandell, Alfonso"
[Result "0-1"]
[WhiteElo "1517"]
[BlackElo "1725"]
[PlyCount "71"]
[EventDate "2020.??.??"]
1. e4 c5 2. Nf3 e6 3. d4 cxd4 4. Nxd4 Bc5 5. Nc3 Nc6 6. Be3 Qb6 7. Na4 Qa5+ 8.
Nc3 Qb6 9. Na4 Qa5+ 10. Nc3 Nxd4 11. Bxd4 Bxd4 12. Qxd4 Nf6 13. Bc4 e5 14. Qd3
O-O 15. O-O Qb6 16. Rab1 d6 17. Nd5 Nxd5 18. Bxd5 Be6 19. Bxe6 fxe6 20. Rfd1
Qxf2+ 21. Kh1 Rad8 22. Qc4 d5 23. exd5 exd5 24. Qc7 e4 25. Qxb7 Qxc2 26. Qxa7
d4 27. Qe7 e3 28. Qe6+ Kh8 29. h3 e2 30. Re1 Rfe8 31. Qg4 d3 32. Rbc1 Qxc1 33.
Rxc1 d2 34. Rc7 e1=Q+ 35. Kh2 Qe5+ 36. Qg3 0-1